| 000 | 00554nam a22001817a 4500 | ||
|---|---|---|---|
| 005 | 20251108173532.0 | ||
| 008 | 250721s2006 xx 000 0 ara d | ||
| 082 | 1 | 4 | _a320.72/ دجا |
| 100 | 1 | _aالدجاني، محمد سليمان | |
| 245 | 1 | 0 | _aمنهجية البحث العلمي في علم السياسة / |
| 264 | 1 |
_aعمان : _bزهران للنشر، _c2006. |
|
| 300 | _a155ص. | ||
| 650 | 1 | 7 | _aالسياسة |
| 650 | 1 | 7 | _aالأبحاث |
| 700 | 1 | _aالدجاني، منذر سليمان | |
| 942 |
_2ddc _cBK |
||
| 999 |
_c106231 _d106231 |
||